| 000 | 00498nam a2200157Ia 4500 | ||
|---|---|---|---|
| 008 | 230907s9999||||xx |||||||||||||| ||und|| | ||
| 082 |
_a621.45 _bASA |
||
| 100 |
_aAsad Muneer (NUST2012-60727MCES-64112F) _9116308 |
||
| 245 | 0 | _aDesigning and CFD analysis of a savonlus vertical axis wind turbine / | |
| 260 |
_aUSPCAS-E, NUST, _bIslamabad : _c2015 |
||
| 300 | _axi, 51 p. | ||
| 520 | _aTH-29 | ||
| 650 | _aMS-ESE Thesis MS Thesis | ||
| 700 |
_aDr Muhammad Bilal Khan _919368 |
||
| 942 |
_cTHE _2ddc |
||
| 999 |
_c601708 _d601708 |
||